000 00486nam a2200169Ia 4500
008 210210b1998 xxu||||| |||| 00| 0 eng d
020 _a0 333 66898 7
082 _a820.9 PECM
100 _aPECK (John)
245 _aMerchant of Venoce:New casebooks ed by Martin Coyle.
260 _aLondon
_bMacmillan Press Ltd
_c1998
300 _a248
650 _aMerchant Venice Critical Essays New Case Books
690 _aEnglish Criticism
700 _aCOYLE (Martin).
906 _a056044
999 _c103371
_d103371